Central Library OPAC University of Rajshahi

Common medicinal plants of India : (Record no. 37675)

MARC details
000 -LEADER
fixed length control field 00749nam a22002417a 4500
001 - CONTROL NUMBER
control field 37675
003 - CONTROL NUMBER IDENTIFIER
rucl marc code BD-RjUL
005 - DATE AND TIME OF LATEST TRANSACTION
control field 20211209052632.0
008 - FIXED-LENGTH DATA ELEMENTS--GENERAL INFORMATION
fixed length control field 150206s2002 ii ||||| |||| 001 0 eng d
020 ## - INTERNATIONAL STANDARD BOOK NUMBER
International Standard Book Number 8187336498
035 ## - SYSTEM CONTROL NUMBER
System control number (BD-RjUL)
040 ## - CATALOGING SOURCE
Original cataloging agency BD-RjUL
Language of cataloging eng
Transcribing agency BD-RjUL
041 ## - LANGUAGE CODE
Language code of text/sound track or separate title eng
082 ## - DEWEY DECIMAL CLASSIFICATION NUMBER
Classification number 581.6340954
Author mark and year COM 2002
245 ## - TITLE STATEMENT
Title Common medicinal plants of India :
Remainder of title a complete guide to home remedies /
Statement of responsibility, etc. compiled & edited by Swami Brahmananda
250 ## - EDITION STATEMENT
Edition statement 1st ed
260 ## - PUBLICATION, DISTRIBUTION, ETC. (IMPRINT)
Place of publication, distribution, etc. New Delhi [India] :
Name of publisher, distributor, etc. Dominant Publishers and Distributors,
Date of publication, distribution, etc. c2000
300 ## - PHYSICAL DESCRIPTION
Pagination 329 pages ;
Size 23 cm
500 ## - GENERAL NOTE
General note Includes index.
650 ## - SUBJECT ADDED ENTRY--TOPICAL TERM
Topical term or geographic name as entry element Medicinal plants
Geographic subdivision India.
9 (RLIN) 115017
700 ## - ADDED ENTRY--PERSONAL NAME
Personal name Brahmananda, Swami
942 ## - ADDED ENTRY ELEMENTS (KOHA)
Source of classification or shelving scheme Dewey Decimal Classification
Koha item type Books
Holdings
Lost status Source of classification or shelving scheme Damaged status Not for loan Permanent Location Current Location Shelving location Date acquired Total Checkouts Full call number Date last seen Copy number Koha item type
  Dewey Decimal Classification   Not For Loan Institute of Biological Sciences (IBSc) Library Institute of Biological Sciences (IBSc) Library   06/02/2015   581.6340954 COM 2002 06/02/2015 C-1 Books